| 000 | 00341nam a2200133Ia 4500 | ||
|---|---|---|---|
| 008 | 240624s9999 xx 000 0 und d | ||
| 041 | _aeng | ||
| 082 | _a658.4092 STR | ||
| 100 | _aSTREBEL PAUL | ||
| 245 | _aTRAJECTORY MANAGEMENT LEADING A BUSINESS | ||
| 260 |
_c2006 _aChichester _bJohn Wiley & Sons |
||
| 300 | _a222 : p. | ||
| 365 |
_c _b30 |
||
| 999 |
_c20240 _d20240 |
||